MDQL
is popping MORE tags! Check the
thread
!
Quizzes
Events
Quiz Creation
Community
Videos
Private Events
Remove Ads
Sign In
Join for FREE
Feedback
Dark Mode
Quiz Categories
Sports
Geography
Music
Movies
Television
Just For Fun
Miscellaneous
History
Literature
Language
Science
Gaming
Entertainment
Religion
Holiday
For Kids
Quiz Lab
Recent
Popular Today
Quiz Kudos Today
Editor Picks
Curator Picks
Quizzes by...
Day
Popularity
Type
Ratings
Length
Year
Community
Subscriptions
Recent Discussions
Orange Saloon
Badges
Playlists
Quests
Create
Leaderboards
Showdown
Live 5
Trivia Bingo
Activity
Puzzle Library
Sporcle Events
Private Events
Virtual Trivia
Globe League
Become a Host
Pub Owners
SporcleCon
Opinionation
Our Games
Videos
Blog
Mobile Apps
Partnerships
Remove Ads and Go Orange
Feedback
Religion
Mythology
Religious Music
World Religions
Bible
Christianity
Catholicism
Judaism
Church
Scripture
Islam
Verse
Religion
Mythology
Religious Music
World Religions
Bible
Christianity
Catholicism
Judaism
Church
Scripture
Islam
Verse
Random Quiz
Search Sporcle
×
Quiz Lab
Quiz Lab
Religion
Bible
Type in answers that appear in a list
Type in answers that appear in a list
Classic
Best Score? Go Orange.
Name Those Books of the Bible In Order Stats
Can you name the Name Those Books of the Bible In Order?
By
etrumps95
10m
65 Questions
11 Plays
11 Plays
11 Plays
Comments
Comments
Give Quiz Kudos
Give Quiz Kudos
-
- Ratings
hide this ad
Replay
Link that replays current quiz
Next Quiz
Link to next quiz in quiz playlist
You Got
0%
They Got
Avg Score
40%
Avg Friend Score
Upgrade to see
Score Distribution
Jump to the score distribution portion of the page
Score
0/65
Timer
10:00
0
Plays Today
Number
Book
% Correct
1
Genesis
100%
2
Exodus
100%
4
Numbers
90.9%
8
Ruth
90.9%
11
1 Kings
90.9%
12
2 Kings
90.9%
5
Deuteronomy
81.8%
9
1 Samuel
81.8%
10
2 Samuel
81.8%
15
Ezra
81.8%
18
Job
81.8%
3
Leviticus
72.7%
6
Joshua
72.7%
7
Judges
72.7%
13
1 Chronicles
72.7%
14
2 Chronicles
72.7%
17
Ester
54.5%
19
Psalms & Proverbs
54.5%
42
John
54.5%
43
Acts
54.5%
61
1 John
54.5%
62
2 John
54.5%
63
3 John
54.5%
16
Nehemiah
45.5%
40
Mark
45.5%
41
Luke
45.5%
44
Romans
45.5%
23
Jeremiah
36.4%
39
Mathew
36.4%
58
James
36.4%
59
1 Peter
36.4%
60
2 Peter
36.4%
21
Songs of Solomon
27.3%
Number
Book
% Correct
26
Daniel
27.3%
28
Joel
27.3%
29
Amos
27.3%
51
1 Thessalonians
27.3%
52
2 Thessalonians
27.3%
53
1 Timothy
27.3%
54
2 Timothy
27.3%
55
Titus
27.3%
57
Hebrews
27.3%
64
Jude
27.3%
31
Jonah
18.2%
33
Nahum
18.2%
38
Malachi
18.2%
46
2 Corinthians
18.2%
47
Galatians
18.2%
49
Philippians
18.2%
56
Philemon
18.2%
20
Ecclesiastics
9.1%
22
Isiah
9.1%
24
Laminations
9.1%
27
Hosea
9.1%
30
Obadiah
9.1%
32
Micha
9.1%
34
Habakuk
9.1%
35
Zephaniah
9.1%
36
Hagi
9.1%
37
Zecheriah
9.1%
65
Revalation
9.1%
25
Ezechial
0%
45
1 Corenthians
0%
48
Phials
0%
50
Collisions
0%
Quiz Playlist
Details
Report
Send in Message
Add To Playlist
Classic:
Type in answers that appear in a list
Last Updated: Feb 16, 2017
Quiz Scoreboard
CHALLENGE
Sign Up to Join the Scoreboard
Show All
Scores
Hide
Comments
May contain spoilers
Recently Published
Holiday 10x10 Sorting Gallery
by lukepisani3
Holiday
15m
Two Season TV Shows II
by 123Four
Television
10m
Image Sorting: Flags VI
by Barbecue
Geography
2m
More to Explore
Quiz From the Vault
Featured Blog Post
14 Easter Pick-up Lines to Find Eggs With
hide this ad
You Might Also Like...
Tags
Bible Quiz
Book Quiz
In Order
Order
Today's Top Quizzes in Religion
Browse Religion
hide this ad
Today's Top Quizzes in Bible
Browse Bible
Top Contributed Quizzes in Religion
1
Christmas Pick: Judaism
2
Mini Trivia Sudoku: Mythology
3
99 names of Allah
4
Religions Spelling Bee
5
Christmas Pick: Islam
6
Christmas Pick: World Religions
7
Artistic Maundy Thursday
8
5-to-1: Children of Gods
9
Longevity in the Bible
10
5-to-1: European Churches
Explore More
Trending Topics
NBA
Disney
Crossword
Kpop
Anime
Harry Potter
Marvel
Puzzle
Song
Pokémon
The Office
Country
WWE
NFL
Soccer
hide this ad
More By:
etrumps95
Quiz
Plays
Rating
Category
Featured
Created
Who's that Character: Lion Guard?
475
1.00
Entertainment
Dec 11, 2017
Disney Villain By Death II
363
5.00
Movies
May 13, 2019
Disney Characters: By Costume
200
1.20
Movies
Nov 2, 2017
Disney Villains By Fate
183
2.00
Entertainment
May 14, 2020
Disney Dogs
137
1.25
Movies
Jun 4, 2020
Go to Creator's Profile
Score Distribution
Quiz Creator Spotlight
etrumps95
Follow
Send a Message
Quizzes Created
-
Created Quiz Play Count
-
More By This Creator
Popular Quizzes Today
1
Find the US States - No Outlines Minefield
2
Colored Red Africa Blitz
3
Find the 'City' Movie
4
The Countries of the World
5
5x2 Blitz: Bands
6
Find the US States
7
Find the Countries of Europe - No Outlines Minefield
8
US States
More Religion Quizzes
Most Mentioned Cities in the Bible
Published
Trending Quizzes
Colored Red Europe Blitz I
Colored Red Europe Blitz II
Colored Red Africa Blitz II
Colored Red Europe Blitz III
Colored Red Africa Blitz III
Recently Updated
Odd Team Out - Big 4 Players
pecheneg
Quick Pick: 20 Twenties
pecheneg
March Madness Men's Triple Doubles
pecheneg
How Do You Spell That?
pecheneg
Godzilla Movies
pecheneg
Grab Bag: 4-10 Letters
pecheneg
2024 March Madness Bracket
pecheneg
Famous TV Couples
Peacemaker
Champions League XIs: Real Madrid
pecheneg
Largest US Cities 1790-2010
pecheneg
Trending Topics
Harry Potter
Marvel
Crossword
Disney
Anime
Kpop
NBA
NFL
Puzzle
Pokémon
Soccer
WWE
Country
The Office
Song
Your Account Isn't Verified!
In order to create a playlist on Sporcle, you need to verify the email address you used during registration. Go to your
Sporcle Settings
to finish the process.
Report this User
Report this user for behavior that violates our
Community Guidelines
.
Details:
Send Report
Go to the Sporcle.com Mobile Site →
Comments